000 00521nam a22001697a 4500
005 20250919145110.0
008 250911b |||||||| |||| 00| 0 eng d
020 _a9798891615397
082 _aDC 579 M951 2025
100 _aMurphy, Marcus.
_967373
245 _aGeneral microbiology /
_cMarcus Murphy.
260 _aUSA :
_bAlexis Press,
_c©2025.
300 _aix, 298 pages :
_billustrations (some colors) ;
_c26 cm.
500 _aIncludes bibliography and index.
650 0 _aMicrobiology.
_967918
942 _2ddc
_cDC
999 _c23733
_d23733